LIBRARY & INFORMATION CENTRE, KCAET, TAVANUR

ONLINE PUBLIC ACCESS CATALOGUE (OPAC)

Elements of workshop technology / (Record no. 3124)

MARC details
000 -LEADER
fixed length control field 00458cam a2200169ua 4500
003 - CONTROL NUMBER IDENTIFIER
control field OSt
008 - FIXED-LENGTH DATA ELEMENTS--GENERAL INFORMATION
fixed length control field 250315b |||||||| |||| 00| 0 eng d
041 ## - LANGUAGE CODE
Language code of text/sound track or separate title eng
082 ## - DEWEY DECIMAL CLASSIFICATION NUMBER
Classification number 621.9
Item number HAJ/EL
100 ## - MAIN ENTRY--AUTHOR NAME
Personal name Hajra Choudhury, S K .
245 ## - TITLE STATEMENT
Title Elements of workshop technology /
260 ## - PUBLICATION, DISTRIBUTION, ETC. (IMPRINT)
Place of publication Bombay :
Name of publisher Media Promoters and Publishers Pvt. Ltd. ,
Year of publication 1991.
300 ## - PHYSICAL DESCRIPTION
Number of Pages ; .
500 ## - GENERAL NOTE
General note 18241 CSS
700 1# - ADDED ENTRY--PERSONAL NAME
Personal name Hajra Choudhury, A K.
942 ## - ADDED ENTRY ELEMENTS (KOHA)
Koha item type Books
Holdings
Withdrawn status Lost status Damaged status Home library Current library Date acquired Full call number Accession Number Koha item type
      KAUAET   07/04/2012 621.9 HAJ/EL 18241 Books
Withdrawn     KAUAET KAUAET 07/04/2012 621.9 17900 Books
Withdrawn     KAUAET KAUAET 07/04/2012 621.9 17901 Books
      KAUAET KAUAET 07/04/2012 621.9 HAJ/EL 18635 Books
free website counter